| 000 | 00679nam a2200217Ia 4500 | ||
|---|---|---|---|
| 003 | GCL | ||
| 008 | 140319s9999 xx 000 0 ara d | ||
| 040 |
_aGCL / _cGCL |
||
| 082 | 0 | 4 |
_a937.06 _bب ر |
| 100 | 1 | _aسهير القلماوى | |
| 245 | 1 | 0 |
_aالرومان / _cسهير القلماوى |
| 700 | 1 | _aبارو، ر.هـ | |
| 700 | 1 | _aعبدالرازق يسرى | |
| 260 |
_aالقاهرة : _bالهيئة العامة للكتب والاجهزة العلمية ، _c1968 |
||
| 300 |
_a232 ص ؛ _c24 سم |
||
| 490 |
_aالالف كتاب _v0 |
||
| 650 | 0 | 4 | _aاباطرة الرومان |
| 650 | 0 | 4 | _aايطاليا |
| 650 | 0 | 4 | _aالروم |
| 942 |
_2ddc _cBK |
||
| 999 |
_c43285 _d43285 |
||